00592 2200169 4500001002100000005001500021035002000036008003900056245013000095100001700225260006300242300002400305084001800329082000800347650004700355990002000402INLIS00000000000666420251008093814 a0010-1025000207251008 | | | 1 aPengaruh Pemberian Kombinasi Pupuk Trichokompos dan NPK Terhadap Pertumbuhan dan Hasil Melon (Cucumis melo L.) /cAan Susanto aSusanto, Aan aTenggarong :bFAPERTA-Universitas Kutai Kartanegara,c2018 a38 hlm. ;c21x30 cm a630 SUS P C.1 a630 4aUsaha Tani, Pertanian, Teknologi Pertanian a190313110009931